| 000 | 00629nam a22001577a 4500 | ||
|---|---|---|---|
| 003 | OSt | ||
| 005 | 20151130144333.0 | ||
| 008 | 151130b xxu||||| |||| 00| 0 eng d | ||
| 040 | _cRUA | ||
| 082 | _aFIS RAT 1999 B169 Or.1 | ||
| 100 |
_94030 _aRATH, REASEY. |
||
| 245 | _aTrap pond mapping in tramkak district takeo province, ការធ្វើផែនទីកំណត់តំបន់សំបូរត្រី និងខ្សត់ត្រីក្នុងស្រុកត្រាំកក់ ខេត្តតាកែវ | ||
| 260 |
_aPhnom Penh _bRUA _c1999 |
||
| 300 |
_a42p. _bill. _c29cm. |
||
| 942 |
_2ddc _cFIS |
||
| 999 |
_c3749 _d3749 |
||